000
00375nam a22001577a 4500
003
MPLRDC
005
20220104123658.0
008
210129b ||||| |||| 00| 0 eng d
082
_a
429.12 BSSL
100
_a
杉山四郎
245
_a
生男生女随你意
_c
260
_a
_b
新世界出版社
_c
300
_b
平
650
_a
孕妇卫生
942
_c
BK
_o
429.12 BSSL
999
_c
13320
_d
13310